000 00830nam a2200229 a 4500
008 951123s1985||||[C 0 slo c
020 _c185 Kčs.
_q(30000 výtl.)
040 _aSNK
_bslo
_cSNK
_eAACR2
041 1 _aslo
_hspa
044 _axo
_cSK
080 _a73/75.034.8/.035(091)(084.1)
100 1 _aPijoan, José
_4aut
245 1 0 _aDejiny umenia. /Zv./8
_cJosé Pijoan ; Soňa Hollá, Ľudmila Zapletalová, Juraj Žáry
250 _a1., vyd.
260 _aBratislava
_bTatran
_c1985
_eMartin
_fTlačiarne SNP
300 _a368 s., 81,85 AH
_c30 cm
500 _aReprod. na front. Ilustr. na predsádkach. Reg. Mimo edície. Litograf. filmy reprod. dodalo vyd. Salvat Editores, S. A. Barcelona.
700 1 _aHollá, Soňa
_4trl
700 1 _aZapletalová, Ľudmila
_4bkd
700 1 _aŽáry, Juraj
_4oth
958 _aA
999 _c19522
_d19522